| 000 | 00693cab a2200241 4500 | ||
|---|---|---|---|
| 001 | WB3218-07 | ||
| 008 | 090401t1996 xxu||||| |||| 00| 0 eng d | ||
| 035 | _a(Sirsi) u56376 | ||
| 041 | _aeng | ||
| 245 | _aNew villages | ||
| 260 | _c1996 | ||
| 350 | _a0 | ||
| 490 |
_aSunday Times _v5 May 1996, 3.15(1) |
||
| 520 | _aA private housing project near Swindon is attempting to recreate several traditional English villages on a 1000 acre site. | ||
| 650 | _aABBEY MEADS | ||
| 650 | _aNEW SETTLEMENTS | ||
| 650 | _aNEW VILLAGES | ||
| 650 | _aSWINDON NORTHERN DEVELOPMENT AREA | ||
| 650 | _aVILLAGES | ||
| 690 | _aPROPERTY-PROPERTY DEVELOPMENT | ||
| 942 | _n0 | ||
| 948 | _c04/03/1997 | ||
| 999 |
_c34378 _d34378 |
||